000 00353nam a2200121Ia 4500
005 20251222141941.0
008 251222s9999||||xx |||||||||||||| ||spa||
082 _a338.985/A36D
100 _aAlburquerque, Francisco
245 0 _aDesarrollo Económico Local y Descentralización en América Latina: Análisis Comparativo
264 _bCEPAL
942 _cLIB
999 _c9347
_d9347